| 000 | 00715nam a22002177a 4500 | ||
|---|---|---|---|
| 005 | 20140310183633.0 | ||
| 008 | 131122b xxu||||| |||| 00| 0 eng d | ||
| 020 | _a9781606493887 | ||
| 050 |
_aHF 5616.M34 _b.D693 2012 |
||
| 100 | _aDoran, David T. | ||
| 245 |
_aFinancial reporting standards : _ba decision-making perspective for non-accountants / _cDavid T. Doran. |
||
| 260 |
_aNew York, N.Y. : _bBusiness Expert Press, _c2012. |
||
| 300 |
_a327 p. : _bill. ; _c23 cm. |
||
| 504 | _aIncludes Index. | ||
| 521 | _aBSBA | ||
| 650 |
_aAccounting _xStandards. |
||
| 650 | _aBUSINESS & ECONOMICS / Accounting / Financial. | ||
| 650 | _aFinancial Statements. | ||
| 942 |
_2lcc _cBK _kFOR |
||
| 999 |
_c25649 _d25649 |
||